1435 1113 1143 1345 1632 1804 1267 1144 1251 1127 1169 1093 1995 1074 1902 1368 1922 1942 1632 1402 1178 1848 1345 1505 1503 1170 1210 1433 1947 1883 1137 1185 1732 1124 1413 1627 1731 1037 1466 1673 1174 1643 1106 1591 1584 1901 1725 1781 1213 1820 1430 1217 1921 1237 1797 1356 1754 1357 1075 1913 1421 1380 1901 1602 1065 1739 1869 1657 1211 1177 1805 1980 1532 1418 1284 1265 1144 1851 1806 1158 1874 1366 1854 1533 1918 1073 1243 1280 1389 1382 1029 1378 1294 1219 1681 1971 1275 1298 1360 BCNSPRNW ULIB Ver.6.0+V

เปลี่ยนเป็นภาษาไทย

Change to English
 แสดงรายละเอียดบรรณานุกรม
  กลับหน้าหลัก

Brief Record : Get Marc (ISO 2709) : E-mail record : QR code < ปิดหน้าต่าง
LEADER : 00000nam 2200000uu 4500
001    13399113635
003     ULIB
008    110627s2551||||th 000 0 tha d
020    9789740435709
090    นว.^bส988ม 2551
100 0  โสภี พรรณราย
245 00 มนตราเงินตรา/^cโสภี พรรณราย
250    พิมพ์ครั้งที่ 1
260    กรุงเทพฯ :^bบิวตี้บุ๊ค,^c2551
300    428 หน้า
710 1  บิวตี้บุ๊ค
945    ^p270^l0^i023604
995    ทศพร
999 ^a ใช้งานได้ทุกระบบ
รายการนี้ยังไม่มีแท็ก
คุณยังไม่ได้ล็อกอิน คุณสามารถมีกิจกรรมร่วมกับเว็บไซต์ได้ แต่ต้องล็อกอินก่อน ::
  ล็อกอิน

รายการสื่อสารสนเทศ

ลำดับที่ ประเภท เลขเรียก/บาร์โค้ด สถานที่ สถานะ
1. นวนิยาย
นวนิยาย
นว. ส988ม 2551 ฉ.1 
  Barcode: 023604
ห้องสมุดวิทยาเขตสวรรค์ประชารักษ์
►นวนิยาย
บนชั้น
  ขอยืม

รายการใกล้เคียง
    ผู้แต่ง [โสภี พรรณราย]

BibComment


ยังไม่เคยถูกคอมเมนท์

คอมเมนท์ทรัพยากรรายการนี้
  คอมเมนท์: มนตราเงินตรา โสภี..


 Copyright 2026. Bcnsprnw @Library